| 000 | 00000nam##2200000za#4500 |
| 001 | 9.696734 |
| 003 | CaOODSP |
| 005 | 20210624235151 |
| 007 | cr ||||||||||| |
| 008 | 150407|2005||||xxc|||||o f|0| 0 eng|d |
| 040 | |aCaOODSP|beng |
| 043 | |an-cn--- |
| 086 | 1 |aH174-30/2005E-PDF |
| 110 | 1 |aCanada.|bHealth Council of Canada. |
| 245 | 13|aAn environmental scan of current views on health human resources in Canada : |h[electronic resource]|bidentified problems, proposed solutions and gap analysis / |cprepared for the National Health Human Resources Summit by Fadi El-Jardali and Cathy Fooks. |
| 260 | |aToronto - Ontario : |bHealth Council of Canada |cJune 23, 2005. |
| 300 | |a70p.|breferences, tables |
| 590 | |a12-39-Supp|b2012-10-11 |
| 690 | 07|aHealth care system|2gcpds |
| 690 | 07|aHuman resources|2gcpds |
| 720 | 1 |aEl-Jardali, Fadi |
| 720 | 1 |aFooks, Cathy |
| 775 | 08|tAnalyse contextuelle des points de vue actuels sur les ressources humaines en matière de santé au Canada : |w(CaOODSP)9.640842 |
| 856 | 40|ahttp://publications.gc.ca|qPDF|s2.20 MB|uhttps://publications.gc.ca/collections/collection_2012/ccs-hcc/H174-30-2005-eng.pdf |